Normal view
MARC view
- Computer and Software Engineering - MS Thesis
Entry Personal Name
001 - CONTROL NUMBER
- control field: 15728
003 - CONTROL NUMBER IDENTIFIER
- control field: NUST
005 - DATE AND TIME OF LATEST TRANSACTION
- control field: 20190627070613.0
008 - FIXED-LENGTH DATA ELEMENTS
- fixed length control field: 190627|| aca||aabn | a|a d
040 ## - CATALOGING SOURCE
- Original cataloging agency: NUST
- Transcribing agency: NUST
100 ## - HEADING--PERSONAL NAME
- Personal name: Computer and Software Engineering - MS Thesis
670 ## - SOURCE DATA FOUND
- Source citation: Work cat.: (NUST): Maryum Hamdani 15727, Automated Interaction Flow Modeling Language ( IFML) Models Generation from Software Specification Written in Natural Language /, 2018.
